|
|
|
|
| LEADER |
00000nab a2200000uu 4500 |
| 001 |
vtls011447307 |
| 003 |
SK-MaSNL |
| 005 |
20260303164928.0 |
| 008 |
230313|2012 xo |||||||||||||||||slo| |
| 015 |
|
|
|a SNBRB
|
| 035 |
|
|
|a (urnnbn)urn:nbn:sk:snk:ar-004hme
|
| 035 |
|
|
|a (uuid)3d719a4e-7b57-421a-a23a-7bf6ade8df42
|
| 035 |
|
|
|a urn:nbn:sk:snk-abck7m
|
| 040 |
|
|
|a SNKBUCL
|b slo
|c SNKBUCL
|e AACR2
|
| 041 |
0 |
|
|a slo
|
| 044 |
|
|
|a xo
|c SK
|
| 100 |
1 |
|
|a Kureishi, Hanif
|4 aut
|9 1190814
|
| 245 |
1 |
0 |
|a Rozruch na strome
|c Hanif Kureishi, Peter Jašo
|
| 700 |
1 |
|
|a Jašo, Peter
|4 trl
|9 1190815
|
| 773 |
0 |
|
|t Revue svetovej literatúry
|g Roč. 48, č. 4 (2012), s. 101-105
|
| 958 |
|
|
|a OND
|
| 958 |
|
|
|a EUIPO
|
| 958 |
|
|
|a article16
|
| 999 |
|
|
|c 2068613
|d 2070543
|